000 00442nam a2200181Ia 4500
008 151202s9999||||xx |||||||||||||| ||und||
082 _bPNVM-11020
100 _aED. NATIONAL GEO. MAG.
245 _aNATIONAL GEO. MAG.
260 _b---
260 _c1941
300 _a98
600 _aED. NATIONAL GEO. MAG.
630 _aNATIONAL GEO. MAG.
700 _aED. NATIONAL GEO. MAG.
730 _aNATIONAL GEO. MAG.
942 _cBOOK
999 _c1277007
_d1277004